| 000 | 00902nam a22002297a 4500 | ||
|---|---|---|---|
| 001 | 2162214035923836 | ||
| 003 | UA-OsUOA | ||
| 005 | 20230703140329.0 | ||
| 008 | 230629b un ||||| |||| 00| 0 ukr d | ||
| 040 |
_aUA-OsUOA _bukr _cUA-OsUOA _dUA-OsUOA |
||
| 041 | _aukr | ||
| 041 | _aeng | ||
| 080 | _a27-23 | ||
| 090 |
_a27-23 _bБ76 |
||
| 245 | _aБожественна літургія святого Йоана Золотоустого | ||
| 246 | _aThe Divine Liturgy of saint John Chrysostom | ||
| 260 |
_bСинод Ієрархії Української Католицької Церкви _c1988 |
||
| 300 | _a143 с. | ||
| 650 |
_2UDC _a27-23 Священні тексти. Біблія: Старий Завіт, Новий Завіт |
||
| 942 |
_2udc _cBK |
||
| 999 |
_c574518 _d574518 |
||